Nombra los Pokémon V Gen - Estadísticas

Estadísticas generales
  • Esta prueba ha sido intentada 137 veces
  • La puntuación promedio es 98 de 156
Estadísticas de respuestas
Tipo Pokémon % Correcto
495 Planta Snivy
95%
498 Fuego Tepig
93%
501 Agua Oshawott
92%
497 Planta Serperior
92%
494 Psíquico/Fuego Victini
88%
503 Agua Samurott
86%
496 Planta Servine
86%
502 Agua Dewott
85%
500 Fuego/Lucha Emboar
85%
506 Normal Lillipup
85%
499 Fuego/Lucha Pignite
83%
504 Normal Patrat
81%
643 Dragon/Fuego Reshiram
81%
507 Normal Herdier
80%
510 Siniestro Liepard
80%
515 Agua Panpour
80%
644 Dragon/Eléctrico Zekrom
80%
526 Roca Gigalith
78%
646 Dragon/Hielo Kyurem
78%
511 Planta Pansage
78%
513 Fuego Pansear
78%
519 Normal/Volador Pidove
78%
524 Roca Roggenrola
78%
514 Fuego Simisear
78%
525 Roca Boldore
76%
633 Siniestro/Dragon Deino
76%
645 Tierra/Volador Landorus
76%
509 Siniestro Purrloin
76%
512 Planta Simisage
76%
641 Volador Tornadus
76%
520 Normal/Volador Tranquill
76%
610 Dragon Axew
75%
635 Siniestro/Dragon Hydreigon
75%
551 Tierra/Siniestro Sandile
75%
539 Lucha Sawk
75%
545 Bicho/Veneno Scolipede
75%
637 Bicho/Fuego Volcarona
75%
505 Normal Watchog
75%
516 Agua Simipour
73%
508 Normal Stoutland
73%
639 Roca/Lucha Terrakion
73%
538 Lucha Throh
73%
521 Normal/Volador Unfezant
73%
543 Bicho/Veneno Venipede
73%
609 Fantasma/Fuego Chandelure
71%
542 Bicho/Planta Leavanny
71%
517 Psíquico Munna
71%
518 Psíquico Musharna
71%
537 Agua/Tierra Seismitoad
71%
642 Eléctrico/Volador Thundurus
71%
582 Hielo Vanillite
71%
640 Planta/Lucha Virizion
71%
638 Acero/Lucha Cobalion
69%
612 Dragon Haxorus
69%
552 Tierra/Siniestro Krokorok
69%
607 Fantasma/Fuego Litwick
69%
587 Eléctrico/Volador Emolga
68%
530 Tierra/Acero Excadrill
68%
647 Agua/Lucha Keldeo
68%
553 Tierra/Siniestro Krookodile
66%
636 Bicho/Fuego Larvesta
66%
536 Agua/Tierra Palpitoad
66%
532 Lucha Timburr
66%
544 Bicho/Veneno Whirlipede
66%
534 Lucha Conkeldurr
64%
611 Dragon Fraxure
64%
540 Bicho/Planta Sewaddle
64%
577 Psíquico Solosis
64%
535 Agua Tympole
64%
584 Hielo Vanilluxe
64%
614 Hielo Beartic
63%
522 Eléctrico Blitzle
63%
529 Tierra Drilbur
63%
578 Psíquico Duosion
63%
598 Planta/Acero Ferrothorn
63%
579 Psíquico Reuniclus
63%
523 Eléctrico Zebstrika
63%
634 Siniestro/Dragon Zweilous
63%
563 Fantasma Cofagrigus
61%
555 Fuego Darmanitan
61%
580 Agua/Volador Ducklett
61%
597 Planta/Acero Ferroseed
61%
596 Bicho/Eléctrico Galvantula
61%
649 Bicho/Acero Genesect
61%
574 Psíquico Gothita
61%
533 Lucha Gurdurr
61%
608 Fantasma/Fuego Lampent
61%
581 Agua/Voladore Swanna
61%
528 Psíquico/Volador Swoobat
61%
527 Psíquico/Volador Woobat
61%
562 Fantasma Yamask
61%
554 Fuego Darumaka
59%
632 Bicho/Acero Durant
59%
557 Bicho/Roca Dwebble
59%
576 Psíquico Gothitelle
59%
575 Psíquico Gothorita
59%
559 Siniestro/Lucha Scraggy
59%
583 Hielo Vanillish
59%
550 Agua Basculin
58%
625 Siniestro/Acero Bisharp
58%
546 Planta/Hada Cottonee
58%
615 Hielo Cryogonal
58%
613 Hielo Cubchoo
58%
621 Dragon Druddigon
58%
595 Bicho/Eléctrico Joltik
58%
549 Planta Lilligant
58%
541 Bicho/Planta Swadloon
58%
567 Roca/Volador Archeops
56%
531 Normal Audino
56%
565 Agua/Roca Carracosta
56%
648 Normal/Psíquico Meloetta
56%
560 Siniestro/Lucha Scrafty
56%
602 Eléctrico Tynamo
56%
566 Roca/Volador Archen
54%
558 Bicho/Roca Crustle
54%
600 Acero Klang
54%
548 Planta Petilil
54%
564 Agua/Roca Tirtouga
54%
547 Planta/Hada Whimsicott
54%
599 Acero Klink
53%
601 Acero Klinklang
53%
624 Siniestro/Acero Pawniard
53%
627 Normal/Volador Rufflet
53%
561 Psíquico/Volador Sigilyph
53%
628 Normal/Volador Braviary
51%
603 Eléctrico Eelektrik
51%
604 Eléctrico Eelektross
51%
592 Agua/Fantasma Frillish
51%
631 Fuego Heatmor
51%
585 Normal/Planta Deerling
49%
622 Tierra/Fantasma Golett
49%
623 Tierra/Fantasma Golurk
49%
630 Siniestro/Volador Mandibuzz
49%
617 Bicho Accelgor
47%
569 Veneno Garbodor
47%
593 Agua/Fantasma Jellicent
47%
588 Bicho Karrablast
47%
573 Normal Cinccino
46%
620 Lucha Mienshao
46%
572 Normal Minccino
46%
586 Normal/Planta Sawsbuck
46%
568 Veneno Trubbish
46%
619 Lucha Mienfoo
44%
629 Siniestro/Volador Vullaby
44%
556 Planta Maractus
42%
616 Bicho Shelmet
42%
618 Tierra/Eléctrico Stunfisk
42%
626 Normal Bouffalant
41%
589 Bicho/Acero Escavalier
41%
605 Psíquico Elgyem
39%
571 Siniestro Zoroark
39%
570 Siniestro Zorua
39%
606 Psíquico Beheeyem
34%
590 Planta/Veneno Foongus
34%
594 Agua Alomomola
32%
591 Planta/Veneno Amoonguss
31%
No se encontraron pruebas coincidentes
Distribución de puntuación
Porcentaje de gente con cada puntuación
Porcentaje por número respondido
Historial de tus puntuaciones
No has intentado esta prueba.